000 00213nam a2200109Ia 4500
100 _a#N/A
942 _cBK
245 _aKNOPPIX 7.2.0; ZORIN OS 7 ;CINTOS 6.4
260 _b#N/A
546 _aENGLISH
999 _c34858
_d34858